Normal view
MARC view
- LUBRICANTS AND LUBRICATION
Entry Topical Term
001 - CONTROL NUMBER
- control field: 66764
003 - CONTROL NUMBER IDENTIFIER
- control field: NUST
005 - DATE AND TIME OF LATEST TRANSACTION
- control field: 20210628203651.0
008 - FIXED-LENGTH DATA ELEMENTS
- fixed length control field: 210628|| aca||aabn | a|a d
040 ## - CATALOGING SOURCE
- Original cataloging agency: NUST
- Transcribing agency: NUST
150 ## - HEADING--TOPICAL TERM
- Topical term or geographic name entry element: LUBRICANTS AND LUBRICATION
670 ## - SOURCE DATA FOUND
- Source citation: Work cat.: (NUST): Miller, R. W 66763, Lubricants and thier applications, 1993
